| 000 | 01203nam a2200229 i 4500 | ||
|---|---|---|---|
| 003 | DO-SdBNP | ||
| 005 | 20240916142425.0 | ||
| 007 | ta | ||
| 008 | 240916s2022 dr a 000 0 spa d | ||
| 040 |
_aDO-SdBNP _bspa _cBNPHU _erda |
||
| 082 |
_bD536 _222 |
||
| 245 | 1 | 0 |
_aDiagnóstico sobre la situación de las personas con discapacidad y su inclusión en el sistema de protección en República Dominicana : _bresumen ejecutivo / |
| 264 | 1 |
_aSanto Domingo : _b[editor no identificado], _c2022. |
|
| 300 |
_a42 páginas, _bilustraciones _c28 cm. |
||
| 336 |
_2rdacontent _atexto _btxt |
||
| 337 |
_2rdamedia _asin mediación _bn |
||
| 338 |
_2rdacarrier _avolumen _bnc |
||
| 500 | _aEste estudio se realizó en el marco del proyecto "Avanzando por una protección social inclusiva con las personas con discapacidad ante crisis sistémicas y COVID 19", implementado por la Red Iberoamericana de Entidades de Personas con Discapacidad Física (LA RED), el Círculo de Mujeres con Discapacidad (CIMUDIS), la Fundación Dominicana de ciegos (FUDCI), y la Asociación de Personas con Discapacidad Físico Motora (ASODIFIMO). | ||
| 590 | _aInventariado, 2024/ YL | ||
| 910 | _aYLockward | ||
| 942 |
_2ddc _cLBS1 |
||
| 999 |
_c57694 _d57694 |
||